[Event "VI Etapa do Circuito Pre-Olimpico Femin"]
[Site "Sao Paulo/SP"]
[Date "2011.10.14"]
[Round "1.1"]
[White "Rodrigues, Fernanda Dos Santos"]
[Black "Terao, Juliana Sayumi"]
[Result "1/2-1/2"]
[WhiteElo "1940"]
[BlackElo "2152"]
[PlyCount "48"]
[EventDate "2011.10.14"]

1. d4 Nf6 2. c4 e6 3. Nf3 b6 4. Bg5 Bb7 5. e3 h6 6. Bxf6 Qxf6 7. Be2 c5 8. O-O
Be7 9. Nc3 cxd4 10. Nxd4 O-O 11. Ndb5 a6 12. Nd6 Bc6 13. Nde4 Qe5 14. Bf3 f5
15. Ng3 Qc7 16. Rc1 Qb7 17. Bxc6 dxc6 18. Nh5 Nd7 19. Nf4 Rf6 20. e4 Nf8 21.
exf5 exf5 22. Qf3 Rd6 23. Rcd1 Rad8 24. Nd3 Qc8 1/2-1/2

[Event "VI Etapa do Circuito Pre-Olimpico Femin"]
[Site "Sao Paulo/SP"]
[Date "2011.10.14"]
[Round "1.2"]
[White "Gazola, Vanessa Ramos"]
[Black "Tashima, Vanessa Kelly"]
[Result "0-1"]
[WhiteElo "2054"]
[BlackElo "1905"]
[PlyCount "64"]
[EventDate "2011.10.14"]

1. d4 Nf6 2. c4 c5 3. d5 b5 4. Nf3 Bb7 5. Qc2 e6 6. e4 bxc4 7. Bxc4 exd5 8.
exd5 Bxd5 9. Bxd5 Nxd5 10. O-O Nc7 11. Qe4+ Be7 12. Re1 Nc6 13. Ne5 Nxe5 14.
Qxe5 Ne6 15. Nc3 d6 16. Qe4 O-O 17. Nd5 Bf6 18. Nxf6+ Qxf6 19. Rd1 Qe5 20. Qd3
Rfd8 21. Rb1 d5 22. Bd2 Rac8 23. Qa6 Qb8 24. Ba5 Rd6 25. Qd3 Qb7 26. Qf5 d4 27.
Rd3 c4 28. Rh3 g6 29. Qf6 c3 30. b3 Qe4 31. Rc1 Nf4 32. f3 Qe3+ 0-1

[Event "VI Etapa do Circuito Pre-Olimpico Femin"]
[Site "Sao Paulo/SP"]
[Date "2011.10.14"]
[Round "1.3"]
[White "Sena Moura, Danielle"]
[Black "Rothebarth, Ana Vitoria De Paul"]
[Result "0-1"]
[WhiteElo "1900"]
[BlackElo "2043"]
[PlyCount "72"]
[EventDate "2011.10.14"]

1. d4 Nf6 2. c4 e6 3. Nf3 b6 4. g3 Bb7 5. Bg2 Be7 6. Nc3 O-O 7. O-O d6 8. Re1
Nbd7 9. e4 e5 10. d5 a5 11. b3 Nc5 12. Bh3 Bc8 13. Bxc8 Qxc8 14. Kg2 Ne8 15.
Nd2 f5 16. exf5 Qxf5 17. Nde4 Nxe4 18. Nxe4 Nf6 19. Nxf6+ Bxf6 20. Bb2 Bg5 21.
Qe2 Rf7 22. Bc1 Raf8 23. Bxg5 Qxg5 24. Rf1 Rf6 25. h4 Qg6 26. Rae1 Rf5 27. Kh2
Rf3 28. Qe4 Rxf2+ 29. Rxf2 Rxf2+ 30. Kh3 Qxe4 31. Rxe4 Rxa2 32. Kg4 Ra3 33. Kg5
Kf7 34. Re3 a4 35. g4 axb3 36. h5 b2 0-1

[Event "VI Etapa do Circuito Pre-Olimpico Femin"]
[Site "Sao Paulo/SP"]
[Date "2011.10.14"]
[Round "1.4"]
[White "Delai, Paula Fernanda"]
[Black "Vescovi, Katherine Lemos"]
[Result "1-0"]
[WhiteElo "2026"]
[BlackElo "1725"]
[PlyCount "80"]
[EventDate "2011.10.14"]

1. e4 c5 2. Nf3 d6 3. d4 cxd4 4. Nxd4 Nf6 5. Nc3 a6 6. Be3 Ng4 7. Bg5 Qb6 8.
Qd2 Qxb2 9. Rb1 Qa3 10. Nd5 Qc5 11. Nb6 Ra7 12. f3 Ne5 13. Be3 Qc7 14. Nd5 Qd8
15. Nb3 e6 16. Bxa7 exd5 17. Qxd5 Nbc6 18. Bf2 Nb4 19. Qd2 a5 20. Bb5+ Nbc6 21.
Nxa5 d5 22. Nxc6 bxc6 23. Be2 Be6 24. exd5 Bxd5 25. O-O Bd6 26. Rfd1 Bc7 27. c4
Be6 28. Qxd8+ Bxd8 29. Rb8 Bd7 30. f4 Ng6 31. Bg4 Nf8 32. Bxd7+ Nxd7 33. Re1+
Ne5 34. Rxe5+ Kd7 35. Bb6 Bxb6+ 36. Rxb6 Ra8 37. Rb7+ Kd8 38. Rxf7 Rxa2 39.
Rxg7 Rc2 40. Rxh7 Rc1+ 1-0

[Event "VI Etapa do Circuito Pre-Olimpico Femin"]
[Site "Sao Paulo/SP"]
[Date "2011.??.??"]
[Round "1.5"]
[White "Tamarozi, Isabelle"]
[Black "Guimaraes, Artemis Pamela"]
[Result "0-1"]
[WhiteElo "1702"]
[BlackElo "2016"]
[PlyCount "38"]
[EventDate "2011.10.14"]

1. e4 e5 2. Nf3 Nc6 3. d4 exd4 4. Nxd4 Bc5 5. Be3 Qf6 6. c3 Nge7 7. Bc4 b6 8.
O-O Bb7 9. Nb5 O-O-O 10. Bxc5 bxc5 11. Nd2 Ne5 12. Be2 a6 13. Na3 d5 14. exd5
Nxd5 15. Qc2 Nf4 16. Ne4 Qg6 17. Ng3 Qxc2 18. Nxc2 Nxe2+ 19. Nxe2 Rd2 0-1

[Event "VI Etapa do Circuito Pre-Olimpico Femin"]
[Site "Sao Paulo/SP"]
[Date "2011.10.14"]
[Round "1.6"]
[White "Chang, Suzana"]
[Black "Nunes, Agatha Hurba"]
[Result "1-0"]
[WhiteElo "2001"]
[BlackElo "1636"]
[PlyCount "93"]
[EventDate "2011.10.14"]

1. c4 e6 2. d4 f5 3. g3 Nf6 4. Bg2 d5 5. Qc2 c6 6. Nh3 Bd6 7. Bf4 O-O 8. O-O
Qe7 9. Nd2 Bxf4 10. Nxf4 Qe8 11. Nf3 Nh5 12. e3 Nxf4 13. exf4 Qg6 14. Ne5 Qf6
15. Rfe1 Nd7 16. Re3 Nxe5 17. fxe5 Qd8 18. f4 Bd7 19. cxd5 cxd5 20. Qc5 Qc8 21.
Rc1 Qxc5 22. dxc5 a5 23. Rb3 Bc6 24. Kf2 Rfc8 25. Ke3 d4+ 26. Kf2 Bxg2 27. Kxg2
Rab8 28. Rb6 Rc6 29. Kf3 Rbc8 30. Rxb7 Rxc5 31. Ke2 Rc2+ 32. Kd3 Rxh2 33. Kxd4
Rg2 34. Rb3 Rgc2 35. a4 Rxc1 36. Rb5 Ra8 37. Rb7 Rd8+ 38. Ke3 h6 39. Re7 Rb8
40. Rxe6 Rb3+ 41. Kd4 Rf3 42. Ra6 h5 43. e6 h4 44. Ra8+ Kh7 45. e7 Rb3 46. e8=Q
Rb4+ 47. Kd3 1-0

[Event "VI Etapa do Circuito Pre-Olimpico Femin"]
[Site "Sao Paulo/SP"]
[Date "2011.10.14"]
[Round "1.7"]
[White "Schucman, Rebeca Lot"]
[Black "Heinrichs, Vivian"]
[Result "0-1"]
[WhiteElo "1591"]
[BlackElo "1985"]
[PlyCount "84"]
[EventDate "2011.10.14"]

1. d4 Nf6 2. c4 e6 3. Nf3 Bb4+ 4. Bd2 Qe7 5. a3 Bxd2+ 6. Nbxd2 d6 7. e3 O-O 8.
Bd3 e5 9. dxe5 dxe5 10. Qc2 c5 11. O-O h6 12. Rfd1 Bg4 13. e4 Nc6 14. Re1 Rad8
15. h3 Bh5 16. Be2 Rd7 17. Rad1 Bg6 18. Bd3 Re8 19. Nf1 Nd4 20. Nxd4 cxd4 21.
Ng3 Rc7 22. Qb1 Nd7 23. b4 Nb6 24. c5 Nd7 25. Ne2 b6 26. cxb6 Nxb6 27. Rc1 Rec8
28. f3 Qg5 29. Ba6 Rxc1 30. Rxc1 Qe3+ 31. Kf1 Rxc1+ 32. Qxc1 Qb3 33. Ke1 Kh7
34. Bb5 f6 35. Kf1 Bf7 36. Ke1 Bc4 37. Bc6 Qa2 38. Qd2 Qxa3 39. b5 Bxe2 40.
Kxe2 Nc4 41. Qc2 Qe3+ 42. Kd1 Qg1+ 0-1

[Event "VI Etapa do Circuito Pre-Olimpico Femini"]
[Site "Sao Paulo/SP"]
[Date "2011.10.14"]
[Round "2.1"]
[White "Rothebarth, Ana Vitoria De Paul"]
[Black "Chang, Suzana"]
[Result "0-1"]
[WhiteElo "2043"]
[BlackElo "2001"]
[PlyCount "68"]
[EventDate "2011.10.14"]

1. e4 e6 2. f4 d5 3. e5 c5 4. c3 Nc6 5. Nf3 Nge7 6. Na3 Nf5 7. d3 Be7 8. g3 Rb8
9. Nc2 h5 10. Ne3 Nxe3 11. Bxe3 g6 12. Bg2 Kf8 13. Bf2 Kg7 14. h3 b5 15. b3 Qa5
16. Qd2 c4 17. O-O b4 18. cxb4 Bxb4 19. Qc2 Ba6 20. dxc4 Rhc8 21. a4 dxc4 22.
bxc4 Ne7 23. Rfc1 Bxc4 24. Qe4 Bd5 25. Qe3 a6 26. Nd4 Bxg2 27. Kxg2 Bd2 28. Qa3
Bxc1 29. Qxe7 Qd5+ 30. Kg1 Rb2 31. Qd6 Be3 32. Rf1 Bxd4 33. Qxd5 Bxf2+ 34. Rxf2
Rc1+ 0-1

[Event "VI Etapa do Circuito Pre-Olimpico Femin"]
[Site "Sao Paulo/SP"]
[Date "2011.10.14"]
[Round "2.2"]
[White "Heinrichs, Vivian"]
[Black "Delai, Paula Fernanda"]
[Result "0-1"]
[WhiteElo "1985"]
[BlackElo "2026"]
[PlyCount "82"]
[EventDate "2011.10.14"]

1. e4 c5 2. Nc3 Nc6 3. f4 e6 4. Nf3 Nge7 5. b3 d5 6. Bd3 Nb4 7. Bb5+ Bd7 8.
Bxd7+ Qxd7 9. d3 d4 10. Ne2 g6 11. a3 Nbc6 12. O-O Bg7 13. Rb1 O-O 14. Ng3 f5
15. Qe2 Rae8 16. Bd2 e5 17. fxe5 Nxe5 18. Rbe1 Ng4 19. Qd1 f4 20. Ne2 Ne3 21.
Bxe3 fxe3 22. Qc1 Nc6 23. Kh1 b5 24. c3 Ne5 25. Nxe5 Bxe5 26. cxd4 cxd4 27. Qc5
Bg7 28. Kg1 Rc8 29. Qb4 Rxf1+ 30. Rxf1 Rc2 31. Nf4 Qg4 32. Qxb5 h5 33. h3 Qg3
34. Qd5+ Kh7 35. e5 Bxe5 36. Qf7+ Kh6 37. Qf8+ Bg7 38. Qa8 Rf2 39. Qf3 Rxf3 40.
Rxf3 Qe1+ 41. Rf1 Qd2 0-1

[Event "VI Etapa do Circuito Pre-Olimpico Femini"]
[Site "Sao Paulo/SP"]
[Date "2011.10.14"]
[Round "2.4"]
[White "Tashima, Vanessa Kelly"]
[Black "Rodrigues, Fernanda Dos Santos"]
[Result "1-0"]
[WhiteElo "1905"]
[BlackElo "1940"]
[PlyCount "67"]
[EventDate "2011.10.14"]

1. e4 c5 2. Nc3 e6 3. f4 a6 4. g3 d5 5. d3 b5 6. Bg2 Bb7 7. Qe2 d4 8. Nd1 Nd7
9. Nf3 Ne7 10. O-O Nc6 11. e5 Qc7 12. Nf2 Nb6 13. c3 O-O-O 14. cxd4 cxd4 15.
Bd2 Kb8 16. Rfc1 Qd7 17. Ne4 h6 18. Be1 Nd5 19. Nfd2 Ne3 20. Bf3 Nb4 21. Nb3
Ned5 22. a3 Nc6 23. Nbc5 Bxc5 24. Nxc5 Qc7 25. Nb3 Qb6 26. Rc2 g5 27. fxg5 hxg5
28. Rac1 g4 29. Bg2 Ne3 30. Rxc6 Bxc6 31. Rxc6 Qa7 32. Bb4 Nf5 33. Ba5 Rc8 34.
Rb6+ 1-0

[Event "VI Etapa do Circuito Pre-Olimpico Femin"]
[Site "Sao Paulo/SP"]
[Date "2011.10.14"]
[Round "2.5"]
[White "Terao, Juliana Sayumi"]
[Black "Gazola, Vanessa Ramos"]
[Result "1-0"]
[WhiteElo "2152"]
[BlackElo "2054"]
[PlyCount "129"]
[EventDate "2011.10.14"]

1. e4 c5 2. c3 Nf6 3. e5 Nd5 4. d4 cxd4 5. Qxd4 e6 6. Nf3 Nc6 7. Qe4 Qc7 8. Bc4
Nb6 9. Bb3 d6 10. exd6 Bxd6 11. O-O Nd7 12. Bc2 Nf6 13. Qh4 Be7 14. Nbd2 Bd7
15. Nc4 Nd5 16. Qe4 O-O-O 17. Nce5 Nxe5 18. Nxe5 Be8 19. c4 Nf6 20. Qe2 Bd6 21.
Re1 Nd7 22. Nf3 Nf6 23. a3 Bc6 24. h3 h6 25. b4 Bf4 26. Ne5 Bxe5 27. Qxe5 Qxe5
28. Rxe5 Rd4 29. Bb2 Rd2 30. Rc1 Nd7 31. Re3 b6 32. Bc3 Rd6 33. Bxg7 Rg8 34.
Rg3 h5 35. Bh7 Rd8 36. c5 bxc5 37. bxc5 Rd2 38. Bc3 Ra2 39. Ba5 Re8 40. Bd3 Nb8
41. Bc4 Rb2 42. Rg7 Rb7 43. Be2 h4 44. Rg4 Rb2 45. Bc4 Bd5 46. Rxh4 Bxc4 47.
Rhxc4 Nc6 48. Bc3 Rb3 49. Ra4 Rd8 50. Bf6 Rdd3 51. Rh4 Rxa3 52. Rh7 Rd7 53. h4
Ra4 54. h5 Rf4 55. Bg5 Rg4 56. Be3 a5 57. h6 Rh4 58. g3 Rh5 59. Rg7 Nd4 60.
Bxd4 Rxd4 61. h7 Rd8 62. Kg2 a4 63. Ra1 Rxc5 64. Rxa4 Kb7 65. Rg8 1-0

[Event "VI Etapa do Circuito Pre-Olimpico Femin"]
[Site "Sao Paulo/SP"]
[Date "2011.10.14"]
[Round "2.6"]
[White "Nunes, Agatha Hurba"]
[Black "Sena Moura, Danielle"]
[Result "0-1"]
[WhiteElo "1636"]
[BlackElo "1900"]
[PlyCount "52"]
[EventDate "2011.10.14"]

1. d4 d5 2. c4 e6 3. cxd5 exd5 4. Nc3 Nf6 5. Bg5 Be7 6. Nf3 c6 7. e3 O-O 8. Bd3
Bg4 9. O-O Ne4 10. Bxe7 Qxe7 11. h3 Bh5 12. Be2 Nd7 13. Nxe4 dxe4 14. Nd2 Bxe2
15. Qxe2 Nf6 16. Nb3 Nd5 17. Nc5 f5 18. a3 Rad8 19. b4 Rf6 20. Qh5 b6 21. Nb3
f4 22. exf4 Nxf4 23. Qe5 Qf7 24. Rab1 Re8 25. Qg5 Rg6 26. Qh4 Nxg2 0-1

[Event "VI Etapa do Circuito Pre-Olimpico Femini"]
[Site "Sao Paulo/SP"]
[Date "2011.10.14"]
[Round "2.7"]
[White "Vescovi, Katherine Lemos"]
[Black "Tamarozi, Isabelle"]
[Result "1/2-1/2"]
[WhiteElo "1725"]
[BlackElo "1702"]
[PlyCount "176"]
[EventDate "2011.10.14"]

1. e4 c5 2. Nf3 Nc6 3. d4 cxd4 4. Nxd4 g6 5. c4 Bg7 6. Be3 Nf6 7. Nc3 O-O 8. f3
d6 9. Be2 Nxd4 10. Bxd4 Be6 11. O-O Qa5 12. Qd2 Rac8 13. b3 Nd7 14. Bxg7 Kxg7
15. Rfd1 a6 16. Rac1 Nf6 17. Bf1 Rc7 18. Nd5 Qc5+ 19. Kh1 Bxd5 20. cxd5 Qb6 21.
Rxc7 Qxc7 22. Rc1 Qd7 23. Qc3 Rd8 24. Kg1 Kg8 25. a4 Qe8 26. Qc7 Qd7 27. b4 Ne8
28. Qxd7 Rxd7 29. Rc8 Kf8 30. b5 Rc7 31. Ra8 e6 32. bxa6 bxa6 33. Bxa6 Ke7 34.
Bb5 Rc1+ 35. Kf2 Nc7 36. Ra7 Kd8 37. Bc6 exd5 38. exd5 Rc5 39. Ke3 Nxd5+ 40.
Bxd5 Rxd5 41. Rxf7 Rh5 42. h3 Re5+ 43. Kd4 h5 44. Rf6 Rg5 45. g4 Ke7 46. Rf4 h4
47. Re4+ Kd7 48. f4 Ra5 49. Kd3 d5 50. Rd4 Ke6 51. Kc3 Ra8 52. Kd2 Kd6 53. Ke3
Re8+ 54. Kd2 Kc5 55. Rd3 Re4 56. Ra3 Rxf4 57. a5 Rf7 58. a6 Ra7 59. Kd3 Kb4 60.
Ra1 Kc5 61. g5 d4 62. Ra4 Kb5 63. Rxd4 Rxa6 64. Ke4 Ra3 65. Rd3 Ra6 66. Kf4 Kc4
67. Re3 Kd4 68. Re4+ Kd5 69. Rb4 Kc5 70. Rb3 Ra4+ 71. Ke5 Kc4 72. Rf3 Kc5 73.
Kf6 Ra6+ 74. Kf7 Kd5 75. Rf4 Ke5 76. Rf6 Ra3 77. Rxg6 Rxh3 78. Rh6 Rf3+ 79. Ke7
h3 80. g6 Rg3 81. Kf7 Rf3+ 82. Kg8 Kf6 83. g7+ Kf5 84. Kh7 Rg3 85. Rh5+ Kf4 86.
Rh4+ Kf3 87. Rh6 Rxg7+ 88. Kxg7 Kg3 1/2-1/2

[Event "VI Etapa do Circuito Pre-Olimpico Femini"]
[Site "Sao Paulo/SP"]
[Date "2011.10.15"]
[Round "3.1"]
[White "Delai, Paula Fernanda"]
[Black "Tashima, Vanessa Kelly"]
[Result "1-0"]
[WhiteElo "2026"]
[BlackElo "1905"]
[PlyCount "67"]
[EventDate "2011.10.14"]

1. e4 e5 2. Nf3 Nc6 3. Bc4 Bc5 4. c3 Nf6 5. d3 a6 6. b4 Ba7 7. Bg5 h6 8. Bh4 g5
9. Bg3 d6 10. Nbd2 Be6 11. h4 g4 12. Nh2 h5 13. Qb3 Qd7 14. a4 d5 15. exd5 Bxd5
16. O-O O-O 17. Rfe1 Rfe8 18. Ne4 Nxe4 19. dxe4 Bxc4 20. Qxc4 Rad8 21. Nf1 Re6
22. Ne3 Bxe3 23. Rxe3 Ne7 24. b5 a5 25. Rf1 Ng6 26. f3 c6 27. fxg4 cxb5 28.
axb5 hxg4 29. h5 Ne7 30. Qe2 Rd6 31. Bxe5 Rd2 32. Qc4 Qe6 33. Qxe6 fxe6 34. Rg3
1-0

[Event "VI Etapa do Circuito Pre-Olimpico Femini"]
[Site "Sao Paulo/SP"]
[Date "2011.10.15"]
[Round "3.2"]
[White "Chang, Suzana"]
[Black "Guimaraes, Artemis Pamela"]
[Result "1-0"]
[WhiteElo "2001"]
[BlackElo "2016"]
[PlyCount "137"]
[EventDate "2011.10.14"]

1. d4 Nf6 2. c4 e6 3. Nf3 b6 4. g3 Ba6 5. Qc2 c5 6. Bg2 Bb7 7. d5 exd5 8. cxd5
Bxd5 9. Nc3 Bc6 10. e4 Be7 11. O-O d6 12. Rd1 Qc7 13. Bf4 Nbd7 14. e5 Nxe5 15.
Nxe5 Bxg2 16. Qa4+ Kf8 17. Nb5 Qb7 18. Nxd6 Bxd6 19. Rxd6 Bh3 20. f3 Be6 21.
Rad1 Nd5 22. R1xd5 Bxd5 23. Rd7 Bc6 24. Qxc6 Qxc6 25. Nxc6 h6 26. Ne5 g5 27.
Rxf7+ Kg8 28. Bd2 Rh7 29. Rxh7 Kxh7 30. Kf2 Kg7 31. Bc3 Kf8 32. f4 gxf4 33.
Ng6+ Kf7 34. Nxf4 Re8 35. g4 b5 36. a3 b4 37. axb4 cxb4 38. Bd2 a5 39. Kf3 Kf6
40. h4 Rc8 41. Nd3 Rd8 42. Ke2 Rd4 43. g5+ hxg5 44. hxg5+ Kf5 45. Nc5 Rd5 46.
Na4 Kg6 47. Be3 Kf5 48. b3 Ke4 49. Nc5+ Kf5 50. Na4 Rd8 51. Nb6 Rh8 52. Kd3
Rd8+ 53. Kc4 Ke4 54. Bc5 Rg8 55. Be7 Re8 56. Bf6 Kf5 57. Kb5 Re3 58. Ka4 Re1
59. Nc4 Re8 60. Kxa5 Rb8 61. Nd6+ Ke6 62. Nb5 Kd5 63. g6 Kc6 64. Nd4+ Kc5 65.
Ne6+ Kd5 66. Nc7+ Kd6 67. Na6 Ra8 68. Kb5 Ke6 69. Nc7+ 1-0

[Event "VI Etapa do Circuito Pre-Olimpico Femini"]
[Site "Sao Paulo/SP"]
[Date "2011.10.15"]
[Round "3.3"]
[White "Rothebarth, Ana Vitoria De Paul"]
[Black "Terao, Juliana Sayumi"]
[Result "0-1"]
[WhiteElo "2043"]
[BlackElo "2152"]
[PlyCount "68"]
[EventDate "2011.10.14"]

1. e4 c5 2. Nc3 e6 3. f4 a6 4. Nf3 Nc6 5. d3 d5 6. e5 Nge7 7. g3 Nf5 8. Bg2 h5
9. O-O b5 10. Qe2 Qb6 11. Qf2 Be7 12. Bh3 g6 13. Nd1 Bb7 14. Ne3 d4 15. Nd1
O-O-O 16. Nd2 Ne3 17. Ne4 Nxf1 18. Qxf1 Nb4 19. Qf2 c4 20. a3 cxd3 21. cxd3
Nxd3 22. Qc2+ Qc6 23. Qxd3 Qxe4 24. Qxe4 Bxe4 25. Nf2 Bb7 26. Bd2 Kb8 27. Nd3
Rc8 28. Ne1 d3 29. Bg2 Rhd8 30. Bxb7 Kxb7 31. Rd1 Rd5 32. b4 Rc2 33. Be3 Rc3
34. Nf3 Rxa3 0-1

[Event "VI Etapa do Circuito Pre-Olimpico Femin"]
[Site "Sao Paulo/SP"]
[Date "2011.10.15"]
[Round "3.5"]
[White "Sena Moura, Danielle"]
[Black "Schucman, Rebeca Lot"]
[Result "1-0"]
[WhiteElo "1900"]
[BlackElo "1591"]
[PlyCount "117"]
[EventDate "2011.10.14"]

1. d4 d5 2. c4 c6 3. Nc3 e6 4. Nf3 Nf6 5. Bg5 Be7 6. e3 Nbd7 7. Rc1 O-O 8. Bd3
h6 9. Bh4 Re8 10. O-O dxc4 11. Bxc4 b5 12. Bd3 a6 13. Bxf6 Nxf6 14. Ne4 Bb7 15.
b3 Rc8 16. Nxf6+ Bxf6 17. Be4 Qd7 18. Rc2 Red8 19. Qe2 Rc7 20. Rfc1 Rdc8 21.
Ne5 Bxe5 22. dxe5 Rd8 23. Qf3 Ba8 24. g3 Rdc8 25. h4 Qe8 26. Rc5 Kf8 27. Kg2
Ke7 28. Qf4 Kf8 29. Qf3 Ke7 30. Kh2 Qd7 31. Rd1 Qe8 32. Qg4 Kf8 33. Rd6 Qe7 34.
Qd1 Qe8 35. Qd4 Qe7 36. f4 a5 37. Kg2 f5 38. Bf3 g6 39. a3 g5 40. hxg5 hxg5 41.
fxg5 Qxg5 42. Rxe6 Rg7 43. Qf4 Qxf4 44. exf4 Re7 45. Rf6+ Rf7 46. Rd6 Rcc7 47.
a4 bxa4 48. bxa4 Rfe7 49. Rf6+ Rf7 50. Rxf7+ Kxf7 51. Rxa5 Ke6 52. Rc5 Bb7 53.
g4 Rg7 54. g5 Rg8 55. a5 Ra8 56. Bxc6 Rc8 57. Bd5+ Kd7 58. Rxc8 Bxc8 59. g6 1-0

[Event "VI Etapa do Circuito Pre-Olimpico Femini"]
[Site "Sao Paulo/SP"]
[Date "2011.10.15"]
[Round "3.6"]
[White "Rodrigues, Fernanda Dos Santos"]
[Black "Vescovi, Katherine Lemos"]
[Result "1-0"]
[WhiteElo "1940"]
[BlackElo "1725"]
[PlyCount "91"]
[EventDate "2011.10.14"]

1. d4 Nf6 2. c4 g6 3. Nf3 Bg7 4. Bf4 O-O 5. h3 e6 6. Nc3 d5 7. e3 a6 8. cxd5
Nxd5 9. Nxd5 exd5 10. Qc2 c6 11. Bd3 Nd7 12. O-O Nf6 13. b4 Ne4 14. a4 Bf5 15.
Rfc1 Rc8 16. Qe2 c5 17. bxc5 Nxc5 18. Bxf5 gxf5 19. Be5 Bxe5 20. Nxe5 Nb3 21.
Rxc8 Qxc8 22. Rb1 Na5 23. Qb2 f6 24. Nf3 Rf7 25. Qb4 Nc4 26. Ne1 Rg7 27. Nd3
Kh8 28. Qc5 Qxc5 29. Nxc5 Nd6 30. Rb6 Nc4 31. Rxf6 b5 32. Rxa6 b4 33. Rf6 Na5
34. Rb6 Rf7 35. Rxb4 f4 36. Ne6 Nc6 37. Rb6 fxe3 38. fxe3 Ne7 39. a5 h6 40. Rb7
Kg8 41. a6 Nc8 42. Rxf7 Kxf7 43. Nc7 Kf6 44. Nxd5+ Ke6 45. Nc3 Kd6 46. e4 1-0

[Event "VI Etapa do Circuito Pre-Olimpico Femin"]
[Site "Sao Paulo/SP"]
[Date "2011.10.15"]
[Round "3.7"]
[White "Tamarozi, Isabelle"]
[Black "Nunes, Agatha Hurba"]
[Result "1-0"]
[WhiteElo "1702"]
[BlackElo "1636"]
[PlyCount "73"]
[EventDate "2011.10.14"]

1. e4 e6 2. d4 d5 3. Nc3 dxe4 4. Nxe4 Bd7 5. Nf3 Bc6 6. Ng3 Bxf3 7. Qxf3 c6 8.
c3 Nf6 9. Bd3 Be7 10. O-O O-O 11. Ne4 Nbd7 12. Qh3 Nxe4 13. Bxe4 Nf6 14. Bc2
Re8 15. Bg5 g6 16. Rae1 Nd5 17. Bd2 Bg5 18. f4 Be7 19. Qg4 c5 20. dxc5 Bxc5+
21. Kh1 Nf6 22. Qe2 Qd6 23. Bc1 Rad8 24. Rd1 Qb6 25. h3 Nd5 26. Rf3 Qc7 27.
Rdf1 Bd6 28. Qf2 Qc5 29. Qg3 Nf6 30. Qh4 Nh5 31. g4 Ng7 32. f5 exf5 33. gxf5
Qc6 34. fxg6 fxg6 35. Bb3+ Kh8 36. Bh6 Nf5 37. Qf6+ 1-0

[Event "VI Etapa do Circuito Pre-Olimpico Femini"]
[Site "Sao Paulo/SP"]
[Date "2011.10.15"]
[Round "4.1"]
[White "Chang, Suzana"]
[Black "Delai, Paula Fernanda"]
[Result "1/2-1/2"]
[WhiteElo "2001"]
[BlackElo "2026"]
[PlyCount "21"]
[EventDate "2011.10.14"]

1. d4 d5 2. c4 e6 3. cxd5 exd5 4. Nc3 Nf6 5. Bg5 Be7 6. e3 c6 7. Nf3 Bf5 8. Bd3
Bxd3 9. Qxd3 O-O 10. O-O Nbd7 11. Rab1 1/2-1/2

[Event "VI Etapa do Circuito Pre-Olimpico Femin"]
[Site "Sao Paulo/SP"]
[Date "2011.10.15"]
[Round "4.2"]
[White "Terao, Juliana Sayumi"]
[Black "Guimaraes, Artemis Pamela"]
[Result "1-0"]
[WhiteElo "2152"]
[BlackElo "2016"]
[PlyCount "135"]
[EventDate "2011.10.14"]

1. e4 e5 2. Nf3 Nc6 3. Bb5 Nf6 4. d3 d6 5. O-O g6 6. c3 Bg7 7. d4 Bd7 8. Re1
O-O 9. Nbd2 Nxd4 10. cxd4 Bxb5 11. dxe5 dxe5 12. Nxe5 Re8 13. Nxf7 Kxf7 14.
Qb3+ Qd5 15. Qc2 Qd3 16. Qxc7+ Re7 17. Qf4 Kg8 18. a4 Bc6 19. Ra3 Qd7 20. Rae3
Rf8 21. Qh4 Ng4 22. R3e2 Bd4 23. Nf3 Bxf2+ 24. Rxf2 Nxf2 25. Kxf2 Qd4+ 26. Kg3
Qb4 27. Bh6 Rfe8 28. Qf6 Rf7 29. Qc3 Qxc3 30. bxc3 Rxe4 31. Rd1 Rd7 32. Nd4
Bxa4 33. Ra1 b5 34. Rb1 g5 35. Kf3 Rf4+ 36. Ke3 Re7+ 37. Kd3 Re5 38. Nf3 Rd5+
39. Ke2 Bc2 40. Ra1 Bd3+ 41. Ke3 Ra4 42. Rd1 Be4 43. Nd4 Re5 44. Rd2 Ra6 45.
Bxg5 Bb1+ 46. Kf4 Re4+ 47. Kf3 Rg6 48. Bf4 a6 49. Rd1 Rxf4+ 50. Kxf4 Ba2 51. g3
Rf6+ 52. Ke3 Kf7 53. g4 Rh6 54. Rf1+ Ke8 55. Rf2 Bd5 56. Nf5 Re6+ 57. Kd4 Bb7
58. Ng7+ Ke7 59. Nxe6 Kxe6 60. Kc5 Ke5 61. Rf5+ Ke4 62. Rf7 Bc8 63. Rxh7 Kd3
64. Rh3+ Ke4 65. Rg3 Kf4 66. g5 Be6 67. g6 Bg8 68. g7 1-0

[Event "VI Etapa do Circuito Pre-Olimpico Femini"]
[Site "Sao Paulo/SP"]
[Date "2011.10.15"]
[Round "4.3"]
[White "Tashima, Vanessa Kelly"]
[Black "Sena Moura, Danielle"]
[Result "1-0"]
[WhiteElo "1905"]
[BlackElo "1900"]
[PlyCount "43"]
[EventDate "2011.10.14"]

1. e4 e6 2. Nc3 d5 3. Nf3 dxe4 4. Nxe4 Nd7 5. d4 Be7 6. Bd3 Ngf6 7. Qe2 O-O 8.
O-O c5 9. c3 Qc7 10. Neg5 Bd6 11. Re1 Nb6 12. Ne4 Nxe4 13. Qxe4 f5 14. Qh4 Rf6
15. Ne5 Bxe5 16. Rxe5 Nd7 17. Re1 cxd4 18. cxd4 e5 19. dxe5 Nxe5 20. Bf4 Rh6
21. Bxh6 Nxd3 22. Re7 1-0

[Event "VI Etapa do Circuito Pre-Olimpico Femini"]
[Site "Sao Paulo/SP"]
[Date "2011.10.15"]
[Round "4.4"]
[White "Heinrichs, Vivian"]
[Black "Tamarozi, Isabelle"]
[Result "1-0"]
[WhiteElo "1985"]
[BlackElo "1702"]
[PlyCount "69"]
[EventDate "2011.10.14"]

1. e4 c5 2. Nc3 Nc6 3. f4 g6 4. Nf3 Bg7 5. Bb5 e6 6. Bxc6 bxc6 7. e5 Ne7 8. Ne4
O-O 9. Nxc5 d6 10. Ne4 dxe5 11. fxe5 Qd5 12. Nc3 Qa5 13. Qe2 Ba6 14. d3 Nd5 15.
Bd2 Nb4 16. Rc1 Bc8 17. a3 Na6 18. O-O Qb6+ 19. Be3 Qxb2 20. Ne4 Qxa3 21. Nf6+
Bxf6 22. exf6 Nc7 23. Qf2 Qc3 24. Bd4 Qa5 25. Ne5 Qd5 26. c4 Qd6 27. Qf4 Rd8
28. Be3 Ne8 29. Rf3 c5 30. Rcf1 Bd7 31. Rh3 Rab8 32. Qh4 h5 33. Qg5 Bc6 34.
Nxg6 fxg6 35. Qxg6+ 1-0

[Event "VI Etapa do Circuito Pre-Olimpico Femini"]
[Site "Sao Paulo/SP"]
[Date "2011.10.15"]
[Round "4.5"]
[White "Schucman, Rebeca Lot"]
[Black "Rodrigues, Fernanda Dos Santos"]
[Result "0-1"]
[WhiteElo "1591"]
[BlackElo "1940"]
[PlyCount "62"]
[EventDate "2011.10.14"]

1. d4 Nf6 2. c4 e6 3. Nf3 d5 4. Nc3 Nbd7 5. Bg5 Be7 6. e3 a6 7. Rc1 O-O 8. Bd3
dxc4 9. Bxc4 b5 10. Bd3 Bb7 11. O-O h6 12. Bh4 c5 13. Re1 Qb6 14. Ne5 Rfe8 15.
Bxf6 Nxf6 16. dxc5 Bxc5 17. Nf3 Red8 18. Qe2 Rac8 19. a3 Bxf3 20. gxf3 Bd6 21.
Kh1 Bb8 22. f4 e5 23. f5 Qd6 24. Be4 Rxc3 25. Rxc3 Nxe4 26. Rc2 Ng5 27. e4 Ba7
28. Qg4 Qd3 29. Rc3 Qd2 30. Re2 Qd1+ 31. Kg2 Rd2 0-1

[Event "VI Etapa do Circuito Pre-Olimpico Femini"]
[Site "Sao Paulo/SP"]
[Date "2011.10.15"]
[Round "4.6"]
[White "Gazola, Vanessa Ramos"]
[Black "Rothebarth, Ana Vitoria De Paul"]
[Result "1/2-1/2"]
[WhiteElo "2054"]
[BlackElo "2043"]
[PlyCount "112"]
[EventDate "2011.10.14"]

1. d4 Nf6 2. c4 e6 3. Nf3 b6 4. a3 Ba6 5. Qc2 d5 6. cxd5 exd5 7. g3 Bd6 8. Bg2
O-O 9. O-O Re8 10. Nc3 c6 11. Bg5 Nbd7 12. Rfe1 h6 13. Bxf6 Nxf6 14. Nh4 Bb7
15. Nf5 Bf8 16. Qd2 Ne4 17. Nxe4 dxe4 18. Qf4 g6 19. Nxh6+ Bxh6 20. Qxh6 Qxd4
21. Rad1 Qxb2 22. Rd7 Bc8 23. Rc7 Bf5 24. Rxc6 Rac8 25. Qc1 Qxc1 26. Rcxc1 Rc6
27. Rxc6 Rd8 28. h3 Rd1 29. Kh2 Rd2 30. Bf1 Ra2 31. Rc3 Kg7 32. g4 Be6 33. Kg3
g5 34. h4 gxh4+ 35. Kxh4 Kf6 36. Re3 Bd5 37. Bg2 a5 38. f4 exf3 39. Bxf3 Bxf3
40. exf3 Rb2 41. f4 a4 42. Re4 b5 43. Re5 Rh2+ 44. Kg3 Rb2 45. g5+ Kg6 46. Kg4
Rg2+ 47. Kf3 Rb2 48. Kg4 Rg2+ 49. Kh4 Rh2+ 50. Kg4 Rg2+ 51. Kf3 Rb2 52. Rc5
Rb3+ 53. Kg4 Rxa3 54. Rxb5 Rb3 55. Ra5 Rb4 56. Ra6+ Kg7 1/2-1/2